00292nam a2200121Ia 4500008004100000082001700041100002000058245003100078250000800109260003700117300000800154650000800162191201s2010 xx 000 0 und d a005.133bKOC aKOGENT Learning 0aC#2008 Projects Black Book aEd. aN. DelhibDream Tech Pressc2010 a573 aMCA